000
00321nam a2200121Ia 4500
008
220204s9999 xx 000 0 und d
082
_a
34(540)
_b
KHA.2
245
0
_a
All India service laws digest. 1935-1974. V II
260
_a
Allahabad
_b
Law Pub
_c
1974
700
_a
Kharbanda, V K
700
_a
Sinha, B N
942
_c
BK
999
_c
24178
_d
24178